00674nam a2200229 a 450000100060000000300080000600500170001400800410003103500190007204000350009104100080012608200270013424500360016126000460019730000250024349000230026850400320029165000460032365000300036970000220039983000230042162998BD-RjUL20211209081141.0170126s1971 nyu b 000 0 eng d a(BD-RjUL)63126 aBD-RjULcBD-RjULdBD-RjULbeng aeng00a812.5408223bBLA 197110aBlack scenes /cAlice Childress aGarden City, N.Y. :bZenith Books,c1971. axi, 154 p. ;c22 cm.0 aZenith anthologies aBibliography: p. [153]-154. 0aAmerican dramaxAfrican American authors. 0aAfrican AmericansvDrama.1 aChildress, Alice, aZenith anthologies